[Event "Olympiad Women 2024"]
[Site "Budapest HUN"]
[Date "2024.09.18"]
[Round "7.2"]
[Board "2"]
[White "Hoang, Thanh Trang"]
[Black "Newrkla, Katharina"]
[Result "1-0"]
[WhiteElo "2351"]
[BlackElo "2208"]
[PlyCount "101"]
[EventDate "2024.09.11"]
[WhiteTeam "Hungary"]
[BlackTeam "Austria"]
[WhiteTeamCountry "HUN"]
[BlackTeamCountry "AUT"]

1. d4 {Hazai,Laszlo} Nf6 2. Nf3 g6 3. g3 Bg7 4. Bg2 O-O 5. O-O d6 6. a4 Nc6 ({RR} 6... a5) 7. a5 ({RR} 7. d5 Nb4 8. Nc3 c6 9. e4 cxd5 10. exd5 Bf5 11. Nd4 Bg4 12. Qd2 Qd7 13. Re1 Rfe8) ({RR} 7. Nc3 a5 ({RR} 7... Bg4 8. d5 Nb4 9. Nd4 Nd7 10. Be3) ({RR} 7... e5 8. dxe5 dxe5 9. Bg5 h6 10. Be3 Qe7 11. Qc1 Kh7 12. Rd1 Be6 13. a5 a6 14. Ne1 Rab8 15. Nd3 Nd7 16. Nd5 Bxd5 17. Bxd5 Nd4 18. Re1 e4 19. Nf4 c6 20. Ba2 Ne5 21. c3)) ({RR} 7. Na3 e5 8. dxe5 dxe5 9. Qxd8 Rxd8 10. c3 h6) 7... e5 ({RR} 7... d5 8. Nbd2 ({RR} 8. Bf4 Bf5 9. Ne5 Nxe5 10. Bxe5 Qd7 11. Re1 ({RR} 11. Nc3 c6 12. Na4 Qc8 13. Ra3 Bh3) 11... Bh3 12. Bh1 c6 13. Nd2) 8... Bf5 ({RR} 8... Ne4 9. Nb3 e5 10. Nxe5 Nxe5 11. dxe5 Bxe5 12. f3 Nf6 13. f4 Bd6 14. Bxd5 Bh3 ({RR} 14... Nxd5 15. Qxd5) 15. Re1 Bb4 16. Bxb7 Bxe1 17. Qxe1 Rb8 18. a6 Re8) 9. Nb3 Qc8 ({RR} 9... Nb4 10. Ne1 ({RR} 10. c3 Bc2 11. Qe1 Bxb3 12. cxb4 Ne4) 10... Qc8 11. c3 Na6) 10. Ne5 Nb4 11. c3 Na6 ({RR} 11... Bc2 12. Qd2 Bxb3 13. cxb4 Nd7 14. Qc3 Nxe5 15. Qxb3 Nc6 16. e3 e6 17. b5) 12. Re1 Rd8 ({RR} 12... c5) 13. Be3 Ne4 14. Nd3 ({RR} 14. f3 Nd6) 14... c6 15. f3 Nd6 16. Bf2 ({RR} 16. Bf4 Nc4 17. e4 dxe4 18. fxe4 Bg4 19. Qc1 e5 20. Nxe5 Nxe5 21. Bxe5 Bxe5 22. dxe5 Qe6) 16... Bxd3 17. Qxd3 ({RR} 17. exd3 e6 18. f4 Nc7 19. Nd2) 17... e5 18. dxe5 Bxe5 ({RR} 18... Nc4 19. f4 Nxb2 20. Qc2 Nc4 21. e4) 19. f4 Bg7 20. e4 ({RR} 20. Bd4 Re8 ({RR} 20... Qf5 21. Bxg7 Kxg7 22. Nd4 Qxd3 23. exd3 Re8 ({RR} 23... Nc5 24. a6) 24. b4) 21. Bxg7 Kxg7) ({RR} 20. Nd2 Re8 ({RR} 20... Nf5 21. Bh3) 21. e4 Nxe4 22. Nxe4 dxe4 23. Rxe4) 20... dxe4 21. Bxe4 Qe6 ({RR} 21... c5 22. Qf3 Nxe4 23. Qxe4 c4 24. Nd4 Nc5) 22. Qc2 {½-½ Romanishin,O (2575)-Jobava,B (2556) EU-chT (Men) 13th 2001 (7.3)}) ({RR} 7... a6 8. d5 ({RR} 8. Nc3 e5 9. dxe5 dxe5 {RR} 10. Be3 Bf5 11. Qc1 Qc8 12. Rd1 Rd8 13. Rxd8+ Qxd8) 8... Nb8 ({RR} 8... Nb4 9. c3 Nbxd5 10. e4) ({RR} 8... Na7 9. c4 ({RR} 9. Nd4 e5 10. dxe6 fxe6 11. c4 e5) 9... c5 10. Nc3 Nd7 11. Bf4 b5 12. axb6 Qxb6 13. Qc2) 9. c4 ({RR} 9. Nc3 e5 10. Na4 Nbd7 11. c4 b5 12. axb6 cxb6 13. Nc3 Bb7 14. b3 Qc7 15. Bb2 Nc5 16. Nd2 Ne8 17. b4 Nd7 18. e4) 9... e6 10. Nc3 exd5 ({RR} 10... Re8 11. Nd4 e5 12. Nc2 e4 13. Ne3 Nbd7 14. Qc2 Qe7 15. Bd2 h5 16. Rac1 h4 17. b4 hxg3 18. hxg3 Qe5 19. Rfe1 Bf8 20. Nf1 Qf5 21. Be3 Bg7 22. Red1 Ne5 23. Nxe4 Nxe4 24. Qxe4 Qh5 25. f3) ({RR} 10... c6 {RR} 11. e4 exd5 12. cxd5 Re8 13. Nd2 cxd5 14. exd5 Qc7 15. Qb3 Bf5 16. Nc4 Nbd7 17. Bf4) 11. cxd5 Re8 12. Bg5 Nbd7 13. Qc1 Nc5 14. Ra3 Bd7 15. Nd2 b6 16. b4 Nb7 17. Nce4) ({RR} 7... Bf5 8. a6 ({RR} 8. Nh4 Be4 9. f3 Bd5 10. Nc3 Bc4) ({RR} 8. Nc3 Nb4 9. Ne1 d5) 8... bxa6 ({RR} 8... b6 9. d5 Nb4 10. Nd4) 9. Nh4 ({RR} 9. c3 Bxb1 10. Rxb1 Rb8 11. d5 Na5 12. Nd4 c5 13. dxc6 e5 14. Nc2 d5 15. Nb4 Rb5 16. Bg5 e4 17. Qd4 Nb3 18. Qxa7 a5 19. Nc2) 9... Be4 10. f3 ({RR} 10. Bxe4 Nxe4 11. c3 a5 12. Qa4) 10... Bd5 11. Rxa6 Nb4 12. Ra4 Qb8 ({RR} 12... a5 13. c3 Nc6 14. e4) 13. e4 ({RR} 13. c3 Na2 14. c4 Nxc1 15. cxd5 Qb3 16. Nc3 Qxd1 17. Rxd1 Nb3) 13... Bc6 14. Ra3 Bb5 15. Rf2 Nd7 ({RR} 15... c5) 16. Nc3 c5 17. Nxb5 Qxb5 18. Bf1 Qb6 19. c3 Nc6 20. d5 Ncb8 21. Ng2) ({RR} 7... e6) ({RR} 7... Rb8 8. d5 ({RR} 8. c3 e6 ({RR} 8... e5) 9. Nbd2 Ne7 10. e4 d5 11. Qe2 b6 12. e5) 8... Nb4 9. c4 ({RR} 9. c3 Na6 ({RR} 9... Nbxd5 10. e4) 10. Be3 Ra8 11. Na3 Bd7 12. Nd4 Qc8 13. Re1 ({RR} 13. b4 Bh3 14. Qb3 Bxg2 15. Kxg2 c6 16. dxc6 bxc6 17. Nf3 Nd5 18. Bd2 Qb7 19. Rab1 Rab8) 13... c6 14. dxc6 bxc6 15. b4 e5 16. Ndc2 d5 17. c4 d4 18. Bg5 Bh3 19. Bxf6 Bxf6 20. e3 Bxg2 21. Kxg2 Rd8 22. exd4 exd4 23. Qf3 Kg7) 9... c5 10. Nc3 e5 ({RR} 10... b6 11. axb6 Qxb6 12. e4 Ba6 13. Qe2 Nd7 14. Bf4 Qc7 15. Rac1 e6 16. dxe6 fxe6 17. Ng5 Rfe8 18. Bh3 e5 19. Be3)) 8. dxe5 ({RR} 8. d5 Nb4) ({RR} 8. a6 e4 9. axb7 Bxb7 10. Ng5 d5) 8... dxe5 9. Qxd8 ({RR} 9. Nc3 Qe7) ({RR} 9. Nfd2 Qe7 10. a6 e4 11. axb7 Bxb7 12. Nb3 Rad8 13. Qe1 Nd5 14. Na3 Ba6) ({RR} 9. a6 e4 10. Ng5 Qe7 11. axb7 Bxb7 12. c3 h6 13. Nh3 Rfd8) 9... Rxd8 10. Nc3 $146 ({RR} 10. a6 Rb8 11. axb7 Bxb7 12. Nc3 Ba8 13. Ne1 e4 14. Ra2 h6 15. Bf4 Rd7 16. Be3 Ng4 17. Nxe4 Rxb2 18. Rxb2 Bxb2 19. Nd3 Nxe3 20. fxe3 Bg7 21. Nf6+ Bxf6 22. Rxf6 Rd6 23. Rf4 Bb7 24. Ra4 Kg7 {1-0 Hergott,D (2396)-Rajlich,V (2297) Financial Concept op 6th 1999 (2)}) ({RR} 10. c3 a6 11. Nbd2 h6 12. Nc4 Ne8 13. Nfd2 Be6 14. e4 h5 15. Re1 Bh6 16. Bf1 Kg7 17. b4 Bxc4 18. Nxc4 Bxc1 19. Rexc1 Nd6 20. Nd2 h4 21. Rc2 hxg3 22. hxg3 f5 23. Re1 Kf6 24. Bg2 f4 {1-0 Asadli,V (2560)-Trost,E (2441) TCh-TUR Super League 2024 (10.2)}) ({RR} 10. a6 e4 11. Ng5 Nd4 12. Nc3 Nxc2 13. Ra4 b5 14. Nxb5 Bd7 15. Rc4 Bxb5 16. Rxc2 Bxa6 17. Nxe4 Nxe4 18. Bxe4 Rab8 19. Bf3 Bb7 20. Rxc7 Bxf3 21. exf3 a5 22. Ra7 Bxb2 23. Bxb2 {½-½ Markov,J (2450)-Odesskij,I (2255) Pardubice op 1994 (8)}) 10... a6 11. Ne1 Be6 12. Bg5 h6 13. Bxf6 Bxf6 14. Nd3 Be7 15. Bxc6 bxc6 16. Nxe5 Rd2 17. Nxc6 Bd6 18. Rac1 Bf5 19. Rfd1 Rxc2 20. Rxc2 Bxc2 21. Rc1 Bf5 22. Nd5 Kf8 23. f3 Be6 24. e4 Kg7 25. Kf2 h5 26. Nf4 Bd7 27. e5 Bf8 28. Nd5 Bxc6 29. Rxc6 Rb8 30. Rxc7 Rxb2+ 31. Ke3 Rb1 32. Ke2 Rb5 33. Rd7 Kh6 34. f4 Rxa5 35. Rxf7 Rxd5 36. Rxf8 Kg7 37. Ra8 Ra5 38. Ra7+ Kf8 39. Ke3 Ra4 40. e6 a5 41. h3 Ra3+ 42. Ke4 Rxg3 43. Ke5 Rf3 44. h4 Rf1 45. Rxa5 Ke7 46. Ra7+ Kf8 47. Rf7+ Kg8 48. f5 gxf5 49. Kf6 Ra1 50. Rg7+ Kh8 51. e7 1-0

[Event "Olympiad Women 2024"]
[Site "Budapest HUN"]
[Date "2024.09.18"]
[Round "7.2"]
[Board "4"]
[White "Lazarne Vajda, Szidonia"]
[Black "Hapala, Elisabeth"]
[Result "1/2-1/2"]
[WhiteElo "2283"]
[BlackElo "2113"]
[PlyCount "106"]
[EventDate "2024.09.11"]
[WhiteTeam "Hungary"]
[BlackTeam "Austria"]
[WhiteTeamCountry "HUN"]
[BlackTeamCountry "AUT"]

1. e4 c5 2. Nf3 e6 3. c3 Nf6 4. e5 Nd5 5. a3 b6 6. d4 cxd4 7. Nxd4 a6 8. Nd2 Qc7 9. N2f3 Bb7 10. Bd3 Nc6 $146 ({RR} 10... d6 11. c4 dxe5 12. cxd5 Bxd5 13. Nxe6 Bxe6 14. O-O Be7 15. Ng5 Bxg5 16. Bxg5 O-O 17. Qf3 Nd7 18. Rac1 Qa7 19. Rc6 Nc5 20. Bb1 Rac8 21. Rd6 Qc7 22. Rfd1 f6 23. Be3 Bb3 24. Bxc5 Bxd1 25. Qh3 {0-1 Molenda,M (2403)-Tudor,H (2332) GM FISCA Round Robin 2023 (9.2)}) 11. Nxc6 Bxc6 12. O-O f5 13. exf6 Nxf6 14. Nd4 Bb7 15. Bg5 Be7 16. Qe2 O-O 17. Rad1 Bd6 18. g3 e5 19. Nf5 Bc5 20. Bxf6 Rxf6 21. Qg4 g6 22. b4 Bf8 23. Qc4+ Qxc4 24. Bxc4+ Kh8 25. Ne3 Bc6 26. Bd5 Rc8 27. Bxc6 Rfxc6 28. Rxd7 Rxc3 29. Nd5 Rxa3 30. Rd1 Bg7 31. Nxb6 Rf8 32. Ra7 e4 33. Rdd7 Be5 34. Nc4 Ra1+ 35. Kg2 Bc3 36. Ne3 h5 37. Rac7 Be5 38. Rc5 Bg7 39. Rcc7 Be5 40. Rc5 Bg7 41. Ra5 Rxa5 42. bxa5 Bc3 43. Rd5 Be1 44. Nd1 Rf5 45. Rd6 Rxa5 46. Rxg6 Kh7 47. Re6 Ra1 48. Nb2 Ra2 49. Rxe4 Bxf2 50. Kxf2 Rxb2+ 51. Kf3 Rxh2 52. Ra4 Kg6 53. Rxa6+ Kg5 1/2-1/2

[Event "Olympiad Women 2024"]
[Site "Budapest HUN"]
[Date "2024.09.18"]
[Round "7.3"]
[Board "1"]
[White "Osmak, Yuliia"]
[Black "Kashlinskaya, Alina"]
[Result "0-1"]
[WhiteElo "2471"]
[BlackElo "2490"]
[PlyCount "80"]
[EventDate "2024.09.11"]
[WhiteTeam "Ukraine"]
[BlackTeam "Poland"]
[WhiteTeamCountry "UKR"]
[BlackTeamCountry "POL"]

1. d4 Nf6 2. c4 e6 3. Nf3 d5 4. g3 dxc4 5. Bg2 a6 6. a4 Nc6 7. O-O Rb8 8. Nc3 Bb4 ({RR} 8... Be7 9. e4 b5 10. axb5 axb5 11. Bf4 O-O 12. Re1 Nb4 13. Bf1 Nh5 14. Be3 Nf6 15. Bf4 Nh5 16. Be3 Nf6 17. b3 Bb7 18. Bf4 Nh5 19. Be3 Nf6 20. Bf4 Nh5 21. Be3 Nf6 {½-½ Short,N (2680)-Kosic,D (2504) EU-chT (Men) 19th 2013 (4.9)}) 9. Re1 ({RR} 9. e3 O-O 10. Nd2 Na5 11. Qc2 b5 12. axb5 axb5 13. Na2 Be7 14. b3 Nxb3 15. Nxb3 cxb3 16. Qxb3 Bb7 17. Nb4 Bxg2 18. Kxg2 Bxb4 19. Qxb4 Qd5+ 20. Kg1 Rfc8 21. Ba3 h5 22. Rfc1 h4 23. Qe1 b4 {0-1 Hernando Rodrigo,J (2233)-Rose,F (2093) Titled Tue 4th Jun Early 2024 (8)}) 9... O-O 10. e4 Na5 $146 ({RR} 10... Re8 11. e5 Nd5 12. Ng5 h6 13. Nge4 Nde7 14. Qg4 Kh8 15. Qh5 Nf5 16. Bg5 Be7 17. Bf4 g6 18. Qh3 g5 19. g4 Nh4 20. Nf6 Bxf6 21. exf6 Qxd4 22. Bg3 e5 23. Re4 Qd6 24. Bxh4 gxh4 25. Qxh4 {1-0 Paci,C (2275)-Loos,U (2094) Oberliga Sued W 0102 2001}) ({RR} 10... h6 11. Bf4 Re8 12. h4 Nxd4 13. Qxd4 Qxd4 14. Nxd4 e5 15. Nc2 Bxc3 16. bxc3 exf4 17. gxf4 Nh5 18. f5 Nf4 19. Bf3 b5 20. axb5 axb5 21. Ra7 c5 22. Rc7 Rb7 23. Rxb7 Bxb7 24. Na3 Nd3 25. Rb1 {0-1 Jaswant,G (2030)-Karthikeyan,P (2363) IND-chT 34th 2014 (5.3)}) ({RR} 10... Bd7 11. e5 Nd5 12. Bd2 Nce7 13. Nxd5 Nxd5 14. Bxb4 Nxb4 15. Qd2 Qe7 16. Rec1 b5 17. axb5 axb5 18. Ra7 Bc6 19. Rca1 h6 20. Qc3 Nd5 21. Qc2 Qb4 22. Nd2 Ra8 23. Ne4 Rxa7 24. Rxa7 Qe1+ 25. Bf1 {0-1 Mikhailov,I (2038)-Graif,W (2335) Kasparov CF University Cup rapid 2022 (3.127)}) 11. Bf4 Nb3 12. Rb1 b5 13. Qc2 Bb7 14. Rbd1 h6 15. axb5 axb5 16. Re2 Bxc3 17. bxc3 Ra8 18. Ne5 Ra6 19. h4 Qa8 20. g4 Ra1 21. Rxa1 Qxa1+ 22. Kh2 c5 23. d5 exd5 24. exd5 Nxd5 25. Bd2 Nb4 26. cxb4 Bxg2 27. Re1 Qa8 28. bxc5 Be4 29. Rxe4 Nxd2 30. Rf4 Qb8 31. Qf5 Qc7 32. Nd7 Nf3+ 33. Kh3 Nxh4 34. Kxh4 g6 35. Nf6+ Kh8 36. Nd5 Qxf4 37. Qxf4 g5+ 38. Qxg5 hxg5+ 39. Kxg5 Rc8 40. Kf6 Rxc5 0-1

[Event "Olympiad Women 2024"]
[Site "Budapest HUN"]
[Date "2024.09.18"]
[Round "7.3"]
[Board "2"]
[White "Socko, Monika"]
[Black "Ushenina, Anna"]
[Result "1/2-1/2"]
[WhiteElo "2422"]
[BlackElo "2417"]
[PlyCount "34"]
[EventDate "2024.09.11"]
[WhiteTeam "Poland"]
[BlackTeam "Ukraine"]
[WhiteTeamCountry "POL"]
[BlackTeamCountry "UKR"]

1. e4 e5 2. Nf3 Nf6 3. d4 Nxe4 4. Bd3 d5 5. Nxe5 Nd7 6. Nxd7 Bxd7 7. O-O Be7 8. Nc3 ({RR} 8. Bf4 O-O 9. Nd2 Nxd2 10. Qxd2 Bg4 11. Rfe1 c6 12. Re3 Bf6 13. Rae1 Qd7 14. h3 Bf5 15. Bxf5 Qxf5 16. Bd6 Bg5 17. Bxf8 Bxe3 18. Rxe3 Rxf8 19. Re7 Rb8 20. Qd3 Qxd3 21. cxd3 Kf8 22. Rc7 a5 {1-0 Xiong,J (2707)-Duda,J (2730) FIDE World Cup 2019 (4.3)}) 8... Nf6 9. Bg5 c6 10. Qd2 $146 ({RR} 10. Re1 O-O 11. Ne2 Bg4 12. f3 Bh5 13. Ng3 Bg6 14. Nf5 Bxf5 15. Bxf5 h6 16. Bh4 g6 17. Bd3 Re8 18. c3 Nh5 19. Bxe7 Rxe7 20. Rxe7 Qxe7 21. Qd2 Kg7 22. Re1 Qf6 23. Qe3 Nf4 24. Bf1 Rf8 {1-0 Estrada Nieto,J (2218)-Ardila,O (1973) Titled Tue 13th Aug Late 2024 (10)}) ({RR} 10. Re1 O-O 11. Qf3 h6 12. Bh4 Re8 13. h3 Be6 14. Ne2 Bd7 15. c3 a5 16. Bc2 a4 17. Bg3 a3 18. b4 Ne4 19. Be5 Ng5 20. Qd3 g6 21. Ng3 f5 22. h4 Ne4 23. Nxe4 fxe4 24. Rxe4 Bf5 {1-0 Moes,W (2054)-Gonzalez de la Nava,A (2295) Vienna Husek op-A 2012 (7)}) ({RR} 10. Qf3 O-O 11. Rae1 h6 12. Bf4 Be6 13. h3 Bd6 14. Re3 Ne8 15. Ne2 Qd7 16. Ng3 Bxf4 17. Qxf4 Qd6 18. Nh5 Qxf4 19. Nxf4 Nc7 20. Rfe1 Rfe8 21. Kf1 Bd7 {½-½ Illescas Cordoba,M (2635)-Beliavsky,A (2665) Madrid Magistral 6th 1997 (9)}) 10... O-O 11. Rae1 Re8 12. h3 Nh5 13. Bxe7 Rxe7 14. Be2 Nf6 15. Bd3 Nh5 16. Be2 Nf6 17. Bd3 Nh5 1/2-1/2

[Event "Olympiad Women 2024"]
[Site "Budapest HUN"]
[Date "2024.09.18"]
[Round "7.3"]
[Board "3"]
[White "Buksa, Nataliya"]
[Black "Kiolbasa, Oliwia"]
[Result "1-0"]
[WhiteElo "2387"]
[BlackElo "2348"]
[PlyCount "145"]
[EventDate "2024.09.11"]
[WhiteTeam "Ukraine"]
[BlackTeam "Poland"]
[WhiteTeamCountry "UKR"]
[BlackTeamCountry "POL"]

1. e4 e5 2. Nf3 Nc6 3. Bc4 d6 4. a4 Be6 5. Bxe6 fxe6 6. d4 exd4 7. Nxd4 Nxd4 8. Qxd4 Nf6 9. Nc3 $146 ({RR} 9. O-O Be7 10. e5 dxe5 11. Qxe5 Qd5 12. Qe2 Bd6 13. Nc3 Qe5 14. g3 O-O 15. Bf4 Qxe2 16. Nxe2 e5 17. Be3 Ng4 18. Nc3 Rf3 19. Rae1 Bb4 20. Bd2 Rd8 21. Re2 Rd4 22. h3 Nh6 23. Be1 Bd6 {½-½ Klim,F (2000)-Celinski,K (2022) Najdorf Mem Open A 2024 (9.39)}) 9... Be7 10. e5 dxe5 11. Qxe5 Qd6 12. Bf4 O-O 13. O-O Rad8 14. Rad1 Qxe5 15. Bxe5 c6 16. Rfe1 Rxd1 17. Rxd1 Rd8 18. Rxd8+ Bxd8 19. Kf1 Kf7 20. Ke2 a6 21. Kd3 b5 22. b3 Bb6 23. f3 Nd7 24. Bd6 e5 25. Ne4 Ke6 26. Ba3 h6 27. c4 bxa4 28. bxa4 Bd4 29. Bb4 Nb6 30. Bc5 Bxc5 31. Nxc5+ Kd6 32. Ne4+ Ke6 33. Nc5+ Kd6 34. Ne4+ Ke6 35. a5 Nd7 36. h4 c5 37. g4 Ke7 38. h5 Ke6 39. Ke3 Ke7 40. Kd3 Ke6 41. Ke3 Ke7 42. Kf2 Ke6 43. Kg3 Ke7 44. Kh3 Kf7 45. Kh4 Ke6 46. Kg3 Ke7 47. g5 Kf7 48. Kh3 Ke7 49. Kh4 Kf7 50. Kg4 Ke6 51. Ng3 e4 52. Nxe4 Ne5+ 53. Kf4 Nxc4 54. Nxc5+ Kf7 55. Nb7 Ke6 56. gxh6 gxh6 57. Ke4 Nd2+ 58. Ke3 Nb3 59. Ke4 Nd2+ 60. Kf4 Nb3 61. Nd8+ Ke7 62. Nc6+ Kd6 63. Ne5 Nxa5 64. Nf7+ Ke6 65. Nxh6 Nc4 66. Kg5 Nd2 67. f4 Nf3+ 68. Kg6 a5 69. Nf5 a4 70. h6 a3 71. h7 Ne5+ 72. fxe5 a2 73. Nd4+ 1-0

[Event "Olympiad Women 2024"]
[Site "Budapest HUN"]
[Date "2024.09.18"]
[Round "7.3"]
[Board "4"]
[White "Sliwicka, Alicja"]
[Black "Gaponenko, Inna"]
[Result "1/2-1/2"]
[WhiteElo "2373"]
[BlackElo "2324"]
[PlyCount "65"]
[EventDate "2024.09.11"]
[WhiteTeam "Poland"]
[BlackTeam "Ukraine"]
[WhiteTeamCountry "POL"]
[BlackTeamCountry "UKR"]

1. e4 c5 2. Nf3 e6 3. d4 cxd4 4. Nxd4 Nf6 5. Nc3 Nc6 6. a3 d5 7. Bb5 Bd7 8. exd5 exd5 9. O-O Be7 10. Bf4 ({RR} 10. Re1 O-O 11. Bg5 Re8 12. Qd3 h6 13. Bh4 Rc8 14. Rad1 Nxd4 15. Bxd7 Nxd7 16. Bxe7 Rxe7 17. Qxd4 Nb6 18. b3 Qe8 19. Kf1 Re6 20. Nxd5 Rxc2 21. Nxb6 axb6 22. Rxe6 Qxe6 23. Qd8+ Kh7 24. Qd3+ Qg6 {1-0 Navara,D (2735)-Krasenkow,M (2610) FRA-chT Top 12 2016 (3.3)}) ({RR} 10. Re1 O-O 11. Bg5 a6 12. Ba4 Re8 13. Qd3 h6 14. Bh4 Rc8 15. Nf5 Bxf5 16. Qxf5 b5 17. Bb3 Nd4 18. Qd3 Ne6 19. Rad1 Qa5 20. Qf5 Rc5 21. Qf3 Rd8 22. h3 Kh8 23. Bxd5 Rcxd5 24. Nxd5 Rxd5 {½-½ Bilir,I (1763)-Cankurt,A (1872) TCh-TUR 2nd League 2024 (5.3)}) 10... O-O 11. Be2 a6 $146 ({RR} 11... Nxd4 12. Qxd4 Bc6 13. Bf3 Ne4 14. Rad1 Bc5 15. Qd3 Qb6 16. Nxe4 dxe4 17. Bxe4 Bxe4 18. Qxe4 Rfe8 19. Qc4 Rac8 20. Qb3 Re2 21. Qxb6 Bxb6 22. Rd2 Rxc2 23. Rxc2 Rxc2 24. Be5 f6 25. Bc3 Bc5 26. g4 {0-1 Kral,L (1640)-Malinovsky,P (1971) Hradec Kralove op 2015 (1)}) ({RR} 11... Rc8 12. Nb3 Bf5 13. Nb5 Ne4 14. N5d4 Bg6 15. Bg4 Nxd4 16. Nxd4 Rc4 17. Be2 Rc8 18. Be3 Bf6 19. c3 Re8 20. Bg4 Rc4 21. Be2 Rc8 22. Bf3 Be5 23. Bg4 Rc4 24. f4 Bb8 25. Qf3 Nf6 26. Bh3 {1-0 Milosevic,G (2295)-Mukic,J (2230) YUG-Cup 29th 1986 (1.3)}) 12. Bf3 Nxd4 13. Qxd4 Be6 14. Rad1 Rc8 15. Rd3 Rc6 16. Qe3 Qb6 17. Be5 Qxe3 18. fxe3 Rfc8 19. Rfd1 b5 20. h3 Kf8 21. Rf1 h5 22. Bxf6 Bxf6 23. Nxd5 Bxd5 24. Bxd5 Rxc2 25. b3 R8c3 26. Rxc3 Rxc3 27. Rf3 Rd3 28. e4 Rxf3 29. gxf3 Bb2 30. a4 bxa4 31. bxa4 g5 32. a5 Bc3 33. Bc4 1/2-1/2

[Event "Olympiad Women 2024"]
[Site "Budapest HUN"]
[Date "2024.09.18"]
[Round "7.4"]
[Board "1"]
[White "Mammadzada, Gunay"]
[Black "Assaubayeva, Bibisara"]
[Result "1/2-1/2"]
[WhiteElo "2433"]
[BlackElo "2482"]
[PlyCount "25"]
[EventDate "2024.09.11"]
[WhiteTeam "Azerbaijan"]
[BlackTeam "Kazakhstan"]
[WhiteTeamCountry "AZE"]
[BlackTeamCountry "KAZ"]

1. d4 Nf6 2. Nf3 d5 3. c4 e6 4. g3 Be7 5. Bg2 O-O 6. O-O dxc4 7. Qc2 a6 8. a4 Nc6 9. Qxc4 Na5 10. Qc2 Nc6 ({RR} 10... b6 11. Ne5 Bb7 12. Bxb7 Nxb7 13. Nc6 Qd7 14. Rd1 Rfc8 15. Bg5 h6 16. Bxf6 Bxf6 17. Ra3 Nc5 18. Nb4 Nb7 19. Nc6 Nc5 20. Nb4 Nb7 21. Nc6 Nc5 {½-½ Ding Liren (2788)-Caruana,F (2764) Superbet Classic 2023 (2.3)}) ({RR} 10... b6 11. Ne5 Nd5 12. Bd2 Bb7 13. Bxa5 bxa5 14. Nc6 Bxc6 15. Qxc6 Rb8 16. Nc3 Nb4 17. Qe4 c6 18. Rfd1 Qb6 19. Rd2 Rfc8 20. Qg4 Nd5 21. e4 Nf6 22. Qe2 Bb4 23. Qc4 Nd7 24. e5 Qa7 25. Be4 {0-1 Davudov,T (2249)-Suleymanli,A (2626) Baku Open 2024 (1.5)}) 11. Qc4 $146 ({RR} 11. Rd1 Nb4 12. Qb3 Qd5 13. Nbd2 Qxb3 14. Nxb3 Nc2 15. Rb1 Bd7 16. Na1 Nb4 17. b3 Bc6 18. Ba3 {½-½ Orosz,A (2356)-Lee,Q (2272) Kecskemet Caissa IM 05 2016 (3)}) 11... Na5 12. Qc2 Nc6 13. Qc4 1/2-1/2

[Event "Olympiad Women 2024"]
[Site "Budapest HUN"]
[Date "2024.09.18"]
[Round "7.4"]
[Board "2"]
[White "Kamalidenova, Meruert"]
[Black "Fataliyeva, Ulviyya"]
[Result "1-0"]
[WhiteElo "2352"]
[BlackElo "2378"]
[PlyCount "125"]
[EventDate "2024.09.11"]
[WhiteTeam "Kazakhstan"]
[BlackTeam "Azerbaijan"]
[WhiteTeamCountry "KAZ"]
[BlackTeamCountry "AZE"]

1. e4 e5 2. Nf3 Nc6 3. Bb5 a6 4. Ba4 Nf6 5. O-O Be7 6. d3 b5 7. Bb3 d6 8. c3 O-O 9. a4 Bd7 10. Bc2 h6 11. Re1 Re8 12. Nbd2 Bf8 13. h3 Rb8 14. Nf1 b4 15. d4 bxc3 16. bxc3 exd4 17. cxd4 Nb4 18. Ng3 Nxc2 19. Qxc2 d5 20. e5 Ne4 21. Nxe4 Bf5 22. Nf6+ Qxf6 23. Qd2 $146 ({RR} 23. Qc3 Qb6 24. Ba3 Bb4 25. Bxb4 Qxb4 26. Rec1 Qxc3 27. Rxc3 Rb4 28. Rxc7 Be4 29. Ra3 Re6 30. a5 Rb1+ 31. Kh2 Rb2 32. Kg1 Rb1+ 33. Kh2 Rb2 34. Kg1 {½-½ Mikkelsen,N (2475)-Svane,R (2615) 60th TCh-DEN Ex 2022-23 (5.4)}) 23... Qb6 24. Ba3 Be4 25. Bxf8 Bxf3 26. Ra3 Rxf8 27. Rxf3 Qb4 28. Rc3 Rfc8 29. e6 fxe6 30. Rxe6 c5 31. Qe1 Qxd4 32. Rg3 Rf8 33. Rg4 Qb2 34. Qe3 Rb7 35. Qxc5 Rbf7 36. Rxh6 Qxf2+ 37. Qxf2 Rxf2 38. Rxa6 Rf1+ 39. Kh2 R1f6 40. Rxf6 Rxf6 41. Kg3 Ra6 42. Rf4 Kh7 43. Kf3 g5 44. Rg4 Kh6 45. Ke3 Kg6 46. Kd3 Kf5 47. Kc3 Ke5 48. Rxg5+ Ke4 49. Kd2 Rb6 50. Rg4+ Ke5 51. Kc3 Rb1 52. Kc2 Ra1 53. Kb2 Rf1 54. a5 d4 55. a6 Rf2+ 56. Kb3 Rf6 57. Rg5+ Ke4 58. Ra5 Rb6+ 59. Kc4 Rb8 60. a7 Ra8 61. Ra1 d3 62. Kc3 Kd5 63. h4 1-0

[Event "Olympiad Women 2024"]
[Site "Budapest HUN"]
[Date "2024.09.18"]
[Round "7.4"]
[Board "3"]
[White "Beydullayeva, Govhar"]
[Black "Balabayeva, Xeniya"]
[Result "1/2-1/2"]
[WhiteElo "2395"]
[BlackElo "2335"]
[PlyCount "93"]
[EventDate "2024.09.11"]
[WhiteTeam "Azerbaijan"]
[BlackTeam "Kazakhstan"]
[WhiteTeamCountry "AZE"]
[BlackTeamCountry "KAZ"]

1. d4 d5 2. c4 e6 3. Nf3 Nf6 4. Nc3 c6 5. Bg5 Nbd7 6. cxd5 exd5 7. e3 h6 8. Bh4 Be7 9. Qc2 O-O 10. Bd3 Re8 11. O-O Ne4 12. Bxe4 Bxh4 13. Bh7+ Kh8 14. Nxh4 Qxh4 15. Bd3 Qe7 16. Rae1 Nf6 17. f3 Bd7 18. Qf2 c5 19. Qh4 $146 ({RR} 19. dxc5 Qxc5 20. e4 Qxf2+ 21. Kxf2 dxe4 22. Nxe4 Nxe4+ 23. Bxe4 Rac8 24. Rc1 b6 25. Rfd1 Be6 26. a3 g5 27. Rxc8 Rxc8 28. Ke3 Kg7 29. g3 f5 30. Bd3 Kf6 31. f4 Rd8 32. Rc1 Rd7 33. Rc6 Ke7 {½-½ Rustemov,A (2525)-Badelka,O (2416) Titled Tue 13th Dec Early 2022 (2)}) 19... Qd6 20. dxc5 Qxc5 21. Qd4 b6 22. Kf2 Rec8 23. g4 Qxd4 24. exd4 Be6 25. h4 Kg8 26. Kg3 a6 27. Ne2 Rc6 28. Nf4 b5 29. Rf2 Ne8 30. Rfe2 Nc7 31. g5 Kf8 32. Rc2 Rxc2 33. Bxc2 hxg5 34. hxg5 Ke7 35. Rh1 Rc8 36. Rh7 Ne8 37. Bb3 Nd6 38. Nxd5+ Bxd5 39. Bxd5 Rc2 40. g6 Nf5+ 41. Kf4 fxg6 42. Be4 Rxb2 43. Bxf5 gxf5 44. Rxg7+ Kf6 45. Rb7 Rxa2 46. Rb6+ Ke7 47. Ke5 1/2-1/2

[Event "Olympiad Women 2024"]
[Site "Budapest HUN"]
[Date "2024.09.18"]
[Round "7.4"]
[Board "4"]
[White "Nurman, Alua"]
[Black "Mammadova, Gulnar"]
[Result "1-0"]
[WhiteElo "2324"]
[BlackElo "2336"]
[PlyCount "79"]
[EventDate "2024.09.11"]
[WhiteTeam "Kazakhstan"]
[BlackTeam "Azerbaijan"]
[WhiteTeamCountry "KAZ"]
[BlackTeamCountry "AZE"]

1. e4 e5 2. Nf3 Nc6 3. Bb5 a6 4. Ba4 Nf6 5. O-O Be7 6. Re1 b5 7. Bb3 O-O 8. a4 d5 9. axb5 dxe4 10. bxc6 exf3 11. Qxf3 e4 12. Qe2 Re8 13. h3 Bd6 14. Nc3 Re5 15. Ra4 Bxh3 16. Nxe4 Bg4 ({RR} 16... Bf5 17. d3 Nxe4 18. dxe4 Qh4 19. g3 Qh3 20. Qf1 Qxf1+ 21. Kxf1 Bg4 22. Kg2 Rc5 23. e5 {1-0 Vachier Lagrave,M (2734)-Wafa,H (2397) Titled Tue 30th Jan Early 2024 (3)}) 17. Qc4 $146 ({RR} 17. Qe3 Nxe4 18. Rxe4 Rxe4 19. Qxe4 Qh4 20. g3 Qh5 21. Qd5 Qg6 22. d4 Be6 23. Qf3 Bxb3 24. Qxb3 h5 25. c4 Rd8 26. Qf3 Bb4 27. Rd1 h4 28. Bf4 hxg3 29. Bxg3 Bd6 30. c5 Bxg3 31. fxg3 Rb8 {1-0 Cederstam,C (2255)-Krassel,T (1880) Reykjavik Open 2023 (4.104)}) ({RR} 17. Qe3 Qe7 18. d3 Re8 19. Bd2 Bf5 20. Qf3 Bg4 21. Qe3 Bf5 22. Qf3 Ng4 23. Bf4 Qh4 24. Bg3 Qh5 25. Bxe5 Bxe5 26. Ng3 Qh2+ 27. Kf1 h5 28. Qxf5 {1-0 Kulaots,K (2548)-Mazur,S (2416) EU-ch 21st Reykjavik 2021 (5)}) ({RR} 17. Qe3 Bf5 18. d3 Ng4 19. Qg5 Qxg5 20. Bxg5 Bxe4 21. Rexe4 Rxg5 22. Rxg4 Rxg4 23. Rxg4 Be5 24. Re4 Bf6 25. Bd5 Rb8 26. b3 Kf8 27. Ra4 Ra8 28. Be4 Bc3 29. Rc4 Be5 30. d4 Bd6 31. Kf1 Rb8 {1-0 Czerw,D (2404)-Alfirevic,D (1924) 23rd ch-EUR Indiv 2023 (1.204)}) 17... Nd5 18. d4 Rh5 19. Bg5 Bh2+ 20. Kf1 Bf4 21. f3 Bxg5 22. Qxd5 Qxd5 23. Bxd5 Bh4 24. Bxf7+ Kxf7 25. fxg4 Rh6 26. g3 Be7 27. d5 Rd8 28. c4 Rh1+ 29. Ke2 Rh2+ 30. Kd3 Rxb2 31. Rxa6 Rb3+ 32. Kd4 Ba3 33. Rxa3 Rxa3 34. d6 Ra6 35. Kd5 h6 36. d7 Ra5+ 37. c5 Rb8 38. Nd6+ cxd6 39. c7 Rba8 40. d8=Q 1-0